MDQL
is popping MORE tags! Check the
thread
!
Quizzes
Events
Quiz Creation
Community
Videos
Private Events
Remove Ads
Sign In
Join for FREE
Feedback
Dark Mode
Quiz Categories
Sports
Geography
Music
Movies
Television
Just For Fun
Miscellaneous
History
Literature
Language
Science
Gaming
Entertainment
Religion
Holiday
For Kids
Quiz Lab
Recent
Popular Today
Quiz Kudos Today
Editor Picks
Curator Picks
Quizzes by...
Day
Popularity
Type
Ratings
Length
Year
Community
Subscriptions
Recent Discussions
Orange Saloon
Badges
Playlists
Quests
Create
Leaderboards
Showdown
Live 5
Trivia Bingo
Activity
Puzzle Library
Sporcle Events
Private Events
Virtual Trivia
Globe League
Become a Host
Pub Owners
SporcleCon
Opinionation
Our Games
Videos
Blog
Mobile Apps
Partnerships
Remove Ads and Go Orange
Feedback
Sports
Athletes
MLB
NBA
NHL
NFL
Soccer
Sports Teams
WWE
NCAA
Football
Premier League
Basketball
Baseball
Hockey
Golf
Tennis
Cricket
Rugby
Auto Racing
Olympics
World Cup
Sports
Athletes
MLB
NBA
NHL
NFL
Soccer
Sports Teams
WWE
NCAA
Football
Premier League
Basketball
Baseball
Hockey
Golf
Tennis
Cricket
Rugby
Auto Racing
Olympics
World Cup
Random Quiz
Search Sporcle
×
Quiz Lab
Quiz Lab
Sports
Soccer
Type in answers that appear in a list
Type in answers that appear in a list
Classic
Best Score? Go Orange.
2013-14 UEFA Europa League all teams Stats
Can you name the all teams that compete in the UEFA Europa League qualifiers and group stage?
By
Cika_Zare
15m
161 Questions
89 Plays
89 Plays
89 Plays
Comments
Comments
Give Quiz Kudos
Give Quiz Kudos
-
- Ratings
hide this ad
Replay
Link that replays current quiz
Next Quiz
Link to next quiz in quiz playlist
You Got
0%
They Got
Avg Score
21%
Avg Friend Score
Upgrade to see
Score Distribution
Jump to the score distribution portion of the page
Score
0/161
Timer
15:00
0
Plays Today
Round
Club
% Correct
Play-
off round
Tottenham Hotspur F.C.
80.9%
Group stage
S.S. Lazio
70.8%
Group stage
Valencia CF
66.3%
Group stage
Wigan Athletic F.C.
61.8%
Third qualifying round
Sevilla FC
61.8%
Play-
off round
S.C. Braga
60.7%
Play-
off round
Feyenoord
60.7%
Play-
off round
FC Spartak Moscow
58.4%
Play-
off round
AZ Alkmaar
58.4%
Group stage
FC Girondins de Bordeaux
56.2%
Play-
off round
ACF Fiorentina
55.1%
Third qualifying round
Swansea City A.F.C.
55.1%
Play-
off round
FC Dynamo Kyiv
53.9%
Group stage
FC Anzhi Makhachkala
48.3%
Third qualifying round
SK Rapid Wien
48.3%
Second qualifying round
FC Rubin Kazan
46.1%
Group stage
SC Freiburg
44.9%
Play-
off round
Real Betis
44.9%
Third qualifying round
VfB Stuttgart
44.9%
Play-
off round
K.R.C Genk
43.8%
First qualifying round
Rosenborg BK
43.8%
Play-
off round
FC Dnipro Dnipropetrovsk
42.7%
Second qualifying round
AC Sparta Prague
42.7%
Third qualifying round
Club Brugge K.V.
41.6%
Second qualifying round
Standard Liège
41.6%
Play-
off round
Eintracht Frankfurt
40.4%
Play-
off round
OGC Nice
40.4%
Third qualifying round
Udinese Calcio
39.3%
Second qualifying round
HNK Hajduk Split
39.3%
Third qualifying round
Motherwell F.C.
38.2%
Second qualifying round
Hapoel Tel Aviv F.C.
38.2%
Second qualifying round
Hibernian F.C.
37.1%
Second qualifying round
Red Star Belgrade
37.1%
Third qualifying round
FC Zürich
36%
First qualifying round
Malmö FF
36%
Third qualifying round
Vitesse
34.8%
Second qualifying round
FC Utrecht
34.8%
Second qualifying round
Trabzonspor
34.8%
Second qualifying round
St. Johnstone F.C.
34.8%
Group stage
Vitória S.C.
33.7%
Third qualifying round
AS Saint-Étienne
33.7%
Second qualifying round
FC Thun
33.7%
Second qualifying round
Maccabi Haifa F.C.
32.6%
Second qualifying round
Lech Poznań
32.6%
Second qualifying round
AaB Fodbold
30.3%
First qualifying round
FK Sarajevo
28.1%
First qualifying round
Knattspyrnufélag Reykjavíkur
28.1%
Second qualifying round
HNK Rijeka
27%
First qualifying round
PFC Levski Sofia
27%
First qualifying round
FC Dinamo Minsk
25.8%
Play-
off round
Kayserispor
24.7%
Second qualifying round
SK Sturm Graz
24.7%
Play-
off round
Apollon Limassol
23.6%
Third qualifying round
G.D. Estoril Praia
23.6%
Round
Club
% Correct
Second qualifying round
Anorthosis Famagusta FC
23.6%
Second qualifying round
FC Shakhtyor Salihorsk
23.6%
First qualifying round
MŠK Žilina
23.6%
Second qualifying round
AC Omonia
22.5%
Second qualifying round
FC Slovan Liberec
22.5%
Third qualifying round
Asteras Tripolis F.C.
21.3%
Second qualifying round
Debreceni VSC
21.3%
Third qualifying round
FC Kuban Krasnodar
20.2%
Second qualifying round
IFK Göteborg
20.2%
Play-
off round
Atromitos F.C.
19.1%
Play-
off round
FC St. Gallen
18%
First qualifying round
FK Vojvodina
18%
First qualifying round
Videoton FC
18%
First qualifying round
FC Astana
18%
Third qualifying round
Kasımpaşa S.K.
16.9%
First qualifying round
FC Differdange 03
16.9%
First qualifying round
ÍF Fuglafjørður
16.9%
First qualifying round
Tromsø IL
16.9%
Second qualifying round
FC Chornomorets Odesa
15.7%
Second qualifying round
Śląsk Wroclaw
15.7%
First qualifying round
FC Astra Giurgiu
15.7%
First qualifying round
St Patrick's Athletic F.C.
15.7%
First qualifying round
Linfield F.C.
15.7%
Second qualifying round
Derry City F.C.
14.6%
Second qualifying round
NK Olimpija Ljubljana
14.6%
First qualifying round
FK Qarabağ
14.6%
First qualifying round
Skonto FC
14.6%
First qualifying round
Bala Town F.C.
14.6%
First qualifying round
F91 Dudelange
14.6%
First qualifying round
FC Pyunik
14.6%
Second qualifying round
CS Pandurii Târgu Jiu
13.5%
First qualifying round
FC Inter Turku
13.5%
First qualifying round
Valletta F.C.
13.5%
Second qualifying round
NK Lokomotiva
12.4%
Second qualifying round
FC Minsk
12.4%
First qualifying round
Botev Plovdiv
12.4%
First qualifying round
Hibernians F.C.
12.4%
First qualifying round
FC Flora Tallinn
12.4%
First qualifying round
FC Levadia Tallinn
12.4%
Third qualifying round
FK Baumit Jablonec
11.2%
Second qualifying round
FC Petrolul Ploiești
11.2%
Second qualifying round
BK Häcken
11.2%
Second qualifying round
FC Honka
11.2%
First qualifying round
Budapest Honvéd FC
11.2%
First qualifying round
Turun Palloseura
11.2%
First qualifying round
VMFD Žalgiris Vilnius
11.2%
First qualifying round
Inter Baku PFC
11.2%
First qualifying round
FK Ventspils
11.2%
First qualifying round
FC Aktobe
11.2%
First qualifying round
FC Vaduz
11.2%
First qualifying round
Crusaders F.C.
11.2%
Third qualifying round
Randers FC
10.1%
First qualifying round
NK Celje
10.1%
First qualifying round
FC Dacia Chişinău
10.1%
Round
Club
% Correct
First qualifying round
Airbus UK Broughton F.C.
10.1%
First qualifying round
Víkingur Gøta
10.1%
First qualifying round
Havnar Bóltfelag
10.1%
Play-
off round
Esbjerg fB
9%
Second qualifying round
FK AS Trenčín
9%
Second qualifying round
Strømsgodset IF
9%
First qualifying round
Drogheda United F.C.
9%
First qualifying round
FK Sūduva Marijampolė
9%
First qualifying round
UE Santa Coloma
9%
Third qualifying round
FC Metalurh Donetsk
7.9%
Second qualifying round
FC Dila Gori
7.9%
Play-
off round
FC Pasching
6.7%
First qualifying round
NK Domžale
6.7%
First qualifying round
FC Tiraspol
6.7%
First qualifying round
FC Milsami Orhei
6.7%
First qualifying round
Glentoran F.C.
6.7%
First qualifying round
FC Mika
6.7%
First qualifying round
FC Santa Coloma
6.7%
Second qualifying round
Piast Gliwice
5.6%
Second qualifying round
IL Hødd
5.6%
Second qualifying round
FK Jagodina
5.6%
Second qualifying round
NK Široki Brijeg
5.6%
First qualifying round
Breiðablik UBK
5.6%
First qualifying round
FK Kukësi
5.6%
First qualifying round
Sliema Wanderers F.C.
5.6%
First qualifying round
Prestatyn Town F.C.
5.6%
First qualifying round
S.P. La Fiorita
5.6%
Third qualifying round
Hapoel Ramat Gan Giv'atayim F.C.
4.5%
Second qualifying round
FK Senica
4.5%
Second qualifying round
PFC Beroe Stara Zagora
4.5%
First qualifying round
HŠK Zrinjski Mostar
4.5%
First qualifying round
FK Rudar Pljevlja
4.5%
First qualifying round
FK Mladost Podgorica
4.5%
First qualifying round
KF Laçi
4.5%
First qualifying round
A.C. Libertas
4.5%
First qualifying round
IFK Mariehamn
4.5%
First qualifying round
FC Torpedo Kutaisi
3.4%
First qualifying round
FC Chikhura Sachkhere
3.4%
First qualifying round
FK Kruoja Pakruojis
3.4%
First qualifying round
FK Teteks
3.4%
First qualifying round
FK Metalurg Skopje
3.4%
First qualifying round
Íþróttabandalag Vestmannaeyja
3.4%
First qualifying round
Teuta Durrës
3.4%
First qualifying round
JK Narva Trans
3.4%
First qualifying round
Jeunesse Esch
3.4%
Second qualifying round
PAS Giannina F.C.
2.2%
First qualifying round
FC Irtysh Pavlodar
2.2%
First qualifying round
Gandzasar FC
2.2%
First qualifying round
Gefle IF
2.2%
First qualifying round
FK Khazar Lankaran
1.1%
First qualifying round
FK Liepājas Metalurgs
1.1%
First qualifying round
FK Turnovo
1.1%
First qualifying round
FK Čelik Nikšić
1.1%
Quiz Playlist
Details
Report
Send in Message
Add To Playlist
Classic:
Type in answers that appear in a list
Quiz Source
Last Updated: Feb 16, 2017
Quiz Scoreboard
CHALLENGE
Sign Up to Join the Scoreboard
Show All
Scores
Hide
Comments
May contain spoilers
Recently Published
Street Fighter Characters
by Artimus82
Gaming
60s
9x9 Crossword: Cartoon Network
by jackfrog10
Miscellaneous
3m
College Basketball Coaching Resumes
by pancakes188
Sports
9m
More to Explore
Quiz From the Vault
Featured Blog Post
Where Did the Easter Bunny Come From?
hide this ad
You Might Also Like...
Tags
Soccer Quiz
club
Group Stage
Qualifying
UEFA Europa League
Today's Top Quizzes in Sports
Browse Sports
hide this ad
Today's Top Quizzes in Soccer
Browse Soccer
Top Contributed Quizzes in Sports
1
2022 World Cup Stars
2
Les meilleurs buteurs des matchs entre le PSG et l’OM
3
FIFA Club World Cup Champions
4
Les entraîneurs de l'OM et du PSG au 21e siècle
5
Criteria MLB: Left Handed Sluggers
6
2023 MLB Unique Player Accomplishments
7
AFC Teams Reveal (Wrong Answers Minefield)
8
Players with Multiple 50 Home Run Seasons
9
5-to-1: FBS Animal Nicknames
10
5-to-1: UK Sports Teams
Explore More
Trending Topics
Crossword
Marvel
Disney
Anime
Kpop
NBA
Harry Potter
WWE
Puzzle
NFL
Song
Country
The Office
Pokémon
Soccer
hide this ad
More By:
Cika_Zare
Quiz
Plays
Rating
Category
Featured
Created
Brief Movie Quotes: 1990s
93,363
4.41
Movies
Sep 6, 2016
Brief Movie Quotes: 1980s
61,184
4.44
Movies
Sep 6, 2016
Brief Movie Quotes: 1970s
35,309
4.48
Movies
Sep 6, 2016
City Profile: Moscow
32,852
4.54
Geography
Aug 30, 2012
Brief Movie Quotes: 1950s-1960s
20,657
4.46
Movies
Sep 6, 2016
Go to Creator's Profile
Score Distribution
Quiz Creator Spotlight
Cika_Zare
Follow
Send a Message
Quizzes Created
-
Created Quiz Play Count
-
More By This Creator
Popular Quizzes Today
1
Find the US States - No Outlines Minefield
2
Find the Countries of Europe - No Outlines Minefield
3
The Countries of the World
4
Find the US States
5
Risky Map Clicking: Biggest States A-Z
6
US States
7
Popular People in 1961
8
Movies - When Are They Set?
More Sports Quizzes
Big Shot Bob: 2005 Finals
Quiz Lab
Trending Quizzes
Risky Map Clicking: Least Populous States A-Z
1-10 Letter G Words
Risky Map Clicking: Next State Alphabetically
Adjectives in 80s TV Shows
The Seven Year Switch: Catherine
Recently Updated
Leaping Animals
pecheneg
Reality TV Shows (A-Z)
bhenderson79
Rickey Henderson's Hall of Fame Teammates
pecheneg
Champions League XIs: Arsenal
pecheneg
Quick Pick: Celebrities in WWE's Hall of Fame
aduchscher
A-Z Keypad Blitz II
pecheneg
Multiple Oscar Actors
pecheneg
Mystery Phrase Blitz: Oscar 'Best Actors'
pecheneg
F. Scott Fitzgerald Novels
LTH
Pick 3 Villains
ddd62291
Trending Topics
Disney
Marvel
Harry Potter
Kpop
NBA
Crossword
Anime
Country
The Office
Pokémon
Puzzle
Soccer
Song
NFL
WWE
Your Account Isn't Verified!
In order to create a playlist on Sporcle, you need to verify the email address you used during registration. Go to your
Sporcle Settings
to finish the process.
Report this User
Report this user for behavior that violates our
Community Guidelines
.
Details:
Send Report
Go to the Sporcle.com Mobile Site →
Comments